000 00379nam a2200121 4500
999 _c11104
_d11104
008 181012b ||||| |||| 00| 0 eng d
100 _932124
_aJaymalin, Mayen
245 _aCancer survivors ask Duque to intensify anti-tobacco campaign/
_cMayen Jaymalin
260 _aPhilippines
_bThe Philippine Star
_cc2017
300 _apage 10.
650 0 _932125
_aCancer.
942 _2ddc
_cPER